00266nam a2200097Ia 4500008004100000100001700041245002500058245001500083260000900098856006100107160609s9999 xx 000 0 und d aRaine, Mary. aEditorial guidelines cMary Raine c2010 uhttp://unesdoc.unesco.org/images/0018/001876/187637e.pdf